| 000 | 00766aam a2200301 4500 | ||
|---|---|---|---|
| 005 | 20251003184251.0 | ||
| 008 | 150731b1997 xxu||||| |||| 00| 0 spa d | ||
| 020 | _a9681652436 | ||
| 041 | _aESP | ||
| 082 | _a354.57 C574o | ||
| 100 |
_aCifuentes Lemus, Juan Luis _917646 |
||
| 100 | _aTorres-García, María del Pilar | ||
| 100 |
_aFrías Mondragon, Marcela _917648 |
||
| 245 | _aEl océano y sus recursos: pesquerías | ||
| 260 | _aMéxico | ||
| 260 | _bFondo de Cultura Económica | ||
| 260 | _c1997 | ||
| 300 | _a228 páginas | ||
| 490 | _aTurismo | ||
| 500 | _a | ||
| 650 | _aPESQUERÍAS | ||
| 650 | _aOCÉANOS | ||
| 650 | _aRECURSOS DEL MAR | ||
| 650 | _aPESCA | ||
| 650 | _aCRUSTÁCEOS | ||
| 650 | _aPESCA DEPORTIVA | ||
| 942 |
_cBK _2ddc |
||
| 999 |
_c447 _d447 |
||